00246nam a2200109Ia 4500008004100000100001600041245001800057260002400075650001300099942000700112999001700119190216s9999||||xx |||||||||||||| ||und|| aMohanavarma 0aGulf Kathakal bCurrent Booksc1982 aKathakal cBK c27748d27748